000 00297nam a22001337a 4500
008 171027b xxu||||| |||| 00| 0 eng d
020 _a0201524880
041 _aeng
080 _23RD
_a311
100 _a55
101 _aSTA
245 _aPROBABILITY AND STATISTICS
_cGROOT,M.H
942 _2udc
_cBK
999 _c36012
_d36012